Štandardizované manažérske systémy a integrovaný manažérsky systém v podniku

Manažérske systémy v organizácii (ISO, QMS, EMS, OHSAS, IMS). IMS - jeho benefity a nedostatky v podniku.

Na minha lista:
Detalhes bibliográficos
Autor principal: Moščáková, Anna, 1987-
Formato: Capítulo de Livro
Idioma:eslovaco
Assuntos:
Tags: Adicionar Tag
Sem tags, seja o primeiro a adicionar uma tag!

MARC

LEADER 00000naa$a2200000$$$4500
001 0164941
005 20240502072858.8
041 0 |a slo 
044 |a SK 
245 1 0 |a Štandardizované manažérske systémy a integrovaný manažérsky systém v podniku  |c Anna Moščáková 
520 |a Manažérske systémy v organizácii (ISO, QMS, EMS, OHSAS, IMS). IMS - jeho benefity a nedostatky v podniku. 
610 2 0 |a podnik 
610 2 0 |a systémy integrované manažérske 
610 2 0 |a systémy environmentálne manažérske 
610 2 0 |a systém riadenia kvality 
100 1 |a Moščáková, Anna, 1987-